000 01195 a2200277 4500
003 Nust
005 20170207154044.0
010 _a 2009011754
020 _a0470040394 (cloth)
020 _a9780470040393 (cloth)
035 _a(OCoLC)ocn298775852
040 _cNust
082 0 0 _a004.6
100 1 _aLastovetsky, Alexey,
245 1 0 _aHigh-performance heterogeneous computing - (E-BOOK)
_cAlexey L. Lastovetsky, Jack J. Dongarra.
260 _aHoboken, N.J. :
_bWiley,
_cc2009.
300 _axii, 267 p., [2] p. of plates :
_bill. (some col.) ;
_c25 cm.
490 1 _aWiley series on parallel and distributed computing
505 _aPart I Heterogeneous Platforms: Taxonomy, Typical Uses, And Programming Issues (Page-1) Part Ii Performance Models Of Heterogeneous Platforms And Design Of Heterogeneous Algorithms (Page-23), Part Iii Performance: Implementation And Software (Page-109), Part Iv Applications (Page-169), Part V Future Trends (Page-227).
650 0 _aComputer networks.
650 0 _aHeterogeneous computing.
650 0 _aHigh performance computing.
651 _aE-BOOK
700 1 _aDongarra, J. J.
830 0 _aWiley series on parallel and distributed computing.
942 _2ddc
_cBK
999 _c192764
_d192764